V. I. Lê-Nin toàn tập T.47 /

में बचाया:
ग्रंथसूची विवरण
मुख्य लेखक: Lê-Nin, V.I., 1870-1924
स्वरूप: पुस्तक
भाषा:Vietnamese
प्रकाशित: Sự thật 1981
टैग : टैग जोड़ें
कोई टैग नहीं, इस रिकॉर्ड को टैग करने वाले पहले व्यक्ति बनें!
Thư viện lưu trữ: Mạng thư viện Đại học Đà Nẵng
LEADER 00622nam a2200265 4500
001 000027679
003 LÊ-N81
005 20150403120000.0
008 150403s vm 000 vie
020 |c 0,0000 
040 |a notts 
100 |a Lê-Nin, V.I., 1870-1924 
245 |a V. I. Lê-Nin toàn tập T.47 /  |c V. I. Lê Nin. 
260 |b Sự thật  |c 1981 
OWN |a LTT 
999 |a From the UDN01 
TYP |a Monograph 
TYP |a Printed language 
980 |a Mạng thư viện Đại học Đà Nẵng